Statistics for 《昭明文选》中赋的作者

Click here to take the quiz!

General Stats

  • This quiz has been taken 14 times
  • The average score is 17 of 56

Answer Stats

篇目作者% Correct
洛神赋曹植
92%
子虚赋司马相如
92%
长门赋司马相如
92%
上林赋司马相如
92%
蜀都赋左思
75%
吴都赋左思
75%
魏都赋左思
75%
高唐赋宋玉
67%
神女赋宋玉
67%
风赋宋玉
67%
登徒子好色赋宋玉
67%
南都赋张衡
58%
东京赋张衡
58%
西京赋张衡
58%
归田赋张衡
58%
思玄赋张衡
58%
幽通赋班固
33%
鵩鸟赋贾谊
33%
东都赋班固
33%
西都赋班固
33%
长杨赋扬雄
33%
甘泉赋扬雄
33%
羽猎赋扬雄
33%
文赋陆机
25%
别赋江淹
25%
恨赋江淹
25%
叹逝赋陆机
25%
鹦鹂赋祢衡
25%
舞鹤赋鲍照
17%
思旧赋向秀
17%
东征赋班昭
17%
芜城赋鲍照
17%
赭白马赋颜延之
8%
琴赋嵇康
8%
西征赋潘岳
8%
北征赋班彪
8%
射雉赋潘岳
8%
闲居赋潘岳
8%
登楼赋王粲
8%
藉田赋潘岳
8%
怀旧赋潘岳
8%
寡妇赋潘岳
8%
秋兴赋潘岳
8%
笙赋潘岳
8%
景福殿赋何晏
0%
海赋木华
0%
啸赋成公绥
0%
游天台山赋孙绰
0%
长笛赋马融
0%
舞赋傅毅
0%
洞箫赋王褒
0%
江赋郭璞
0%
鹪鹩赋张华
0%
雪赋谢惠连
0%
鲁灵光殿赋王延寿
0%
月赋谢庄
0%

Score Distribution

Percentile by Number Answered

Percent of People with Each Score

Your Score History

You have not taken this quiz